| 000 | 00755nam a2200229Ia 4500 | ||
|---|---|---|---|
| 003 | GCL | ||
| 008 | 140319s9999 xx 000 0 ara d | ||
| 040 |
_aGCL / _cGCL |
||
| 082 | 0 | 4 |
_a629.287 _bم ص |
| 100 | 1 | _aانور محمود عبد الواحد | |
| 245 | 1 | 0 |
_aصيانة واصلاح السيارات : مجموعة مقالات نشرتها مجلة السيارات الامريكية / _cانور محمود عبد الواحد |
| 700 | 1 | _aمحمد مصطفى العلايلى | |
| 300 | _a166 ص | ||
| 490 |
_aالالف كتاب _v0 |
||
| 650 | 0 | 4 | _aالسيارات |
| 650 | 0 | 4 | _aالصيانة |
| 650 | 0 | 4 | _aالمحركات |
| 650 | 0 | 4 | _aالوقود |
| 650 | 0 | 4 | _aالفرامل |
| 650 | 0 | 4 | _aالاطارات |
| 942 |
_2ddc _cBK |
||
| 999 |
_c45333 _d45333 |
||